L'atestat policial : manual de consulta / Diputació de Barcelona. Àrea de Presidència manual de consulta / Diputació de Barcelona. Àrea de Presidència
Descripción Física:
88 p. ; 30 cm
Colección:
Manuals de Formació Municipal; 9
MARC
| LEADER | 00000nam a2200000Ia 4500 | ||
|---|---|---|---|
| 001 | 16935 | ||
| 008 | 160829s9999 xx 000 0 cat d | ||
| 080 | |a M-5-146 | ||
| 110 | |a Barcelona (Catalunya : Província). |b Àrea de Presidència |9 52558 | ||
| 245 | |a L'atestat policial : |b manual de consulta / Diputació de Barcelona. Àrea de Presidència | ||
| 260 | |a [Barcelona] : |b Institut d'Edicions de la Diputació de Barcelona, DL 2004 | ||
| 300 | |a 88 p. ; |c 30 cm | ||
| 490 | |a Manuals de Formació Municipal; 9 | ||
| 590 | |a Annexos | ||
| 650 | |a Policies |x Formació |x Catalunya |9 35966 | ||
| 650 | |a Policia municipal |x Catalunya |9 22039 | ||
| 710 | 1 | |a Barcelona (Catalunya : Província). |b Diputació |9 52408 | |
| 901 | |a Arxiu | ||
| 942 | |n 1 | ||
| 952 | |0 0 |1 0 |4 0 |6 M5146 |7 1 |9 44881 |a Arxiu |b Arxiu |d 2016-12-01 |l 0 |o M-5-146 |p 16935 |r 2016-12-01 00:00:00 |w 2016-12-01 |y ARXIU | ||
| 999 | |c 47479 |d 47479 | ||